000 00208nam a22000857a 4500
008 170624b xxu||||| |||| 00| 0 eng d
100 _93649
_aCBSE
245 _aSenior school curriculum part 2
260 _bCBSE
_c2009
999 _c7046
_d7046